000 00597nam a2200205 a 4500
005 20250120145238.0
008 250120t20172017my ||||| |||| 00| 0 may d
020 _a9789672102212
040 _aAKMAL
082 0 4 _a899.2333 SYU
090 0 0 _a899.2333
_bSYU
100 0 _aSyu Ariani,
_99584
245 1 0 _a100 Hari Mengenal Cinta /
_cSyu Ariani
246 3 _aSeratus hari mengenal cinta
264 1 _aCheras, Selangor :
_bPenulisan Enterprise,
_c2017
300 _aiii, 579 pages :
_bill ;
_c19cm
650 1 0 _aMalaysian fiction (Malay)
_99429
650 2 0 _aMalay fiction
942 _2ddc
_cBOOK
999 _c5019
_d5019